Five Most English Speaking Countries by Continent - Statistics

General Stats
  • This quiz has been taken 1,008 times
  • The average score is 18 of 30
Answer Stats
Continent Country % English Speakers % Correct
Europe United Kingdom 98%
97%
North America United States 94%
94%
Oceania Australia 97%
92%
Europe Ireland 98%
92%
Oceania New Zealand 98%
91%
South America Brazil 5%
78%
South America Guyana 91%
74%
South America Argentina 7%
73%
North America Jamaica 98%
71%
Africa Nigeria 53%
69%
Asia Singapore 80%
68%
South America Suriname 87%
67%
South America Chile 10%
66%
Europe Netherlands 90%
63%
North America Barbados 99%
60%
Oceania Palau 93%
56%
Oceania Nauru 100%
55%
Europe Norway 90%
55%
Oceania Marshall Islands 98%
54%
Europe Malta 89%
51%
North America Saint Vincent and the Grenadines 95%
51%
Africa Ghana 67%
48%
North America Dominica 94%
42%
Asia Israel 85%
41%
Asia Philippines 92%
41%
Asia Malaysia 63%
40%
Africa Liberia 83%
38%
Asia Cyprus 73%
31%
Africa Zimbabwe 42%
28%
Africa Sierra Leone 84%
27%
No matching quizzes found
Score Distribution
Percent of People with Each Score
Percentile by Number Answered
Your Score History
You have not taken this quiz